Hakan Şükür’ün Gol Attığı Ülkeler - Statistics

General Stats
  • This quiz has been taken 33 times
  • The average score is 14 of 28
Answer Stats
Ülke Gol Sonuncu % Correct
Almanya 1 1998
81%
Hollanda 1 1997
81%
Güney Kore 3 2004
71%
Belçika 2 2000
68%
Bulgaristan 2 1992
68%
Macaristan 3 1995
61%
Avusturya 1 2001
58%
İsveç 2 2001
58%
Bosna-Hersek 1 2007
55%
Danimarka 1 1992
55%
İsviçre 1 1995
55%
Letonya 1 2003
55%
Moldova 5 2006
52%
Norveç 1 2001
52%
San Marino 5 1996
52%
Ukrayna 1 1996
52%
Finlandiya 2 1999
48%
Slovakya 2 2001
48%
Belarus 1 2004
45%
Azerbaycan 2 2001
42%
İzlanda 2 1994
42%
Polonya 1 1993
42%
İrlanda 1 2003
39%
Kuzey Makedonya 1 2003
39%
Galler 4 1997
32%
Avustralya 2 2004
23%
Lihtenştayn 1 2003
19%
Şili 1 2002
13%
No matching quizzes found
Score Distribution
Percent of People with Each Score
Percentile by Number Answered
Your Score History
You have not taken this quiz